Allgemeiner Anzeiger und Nationalzeitung der Deutschen

Bibliographic Details
New Title:Reichsanzeiger der Deutschen
Previous Title:National-Zeitung der Deutschen
Allgemeiner Anzeiger der Deutschen
Format: Serial
Language:German
PhysicalDescription:23 cm
Published: Gotha Beckersche Buchhandlung 1830-[1848]
Subjects:

MARC

LEADER 00000nas a2200000 4500
001 vtls012277497
003 SK-MaSNL
005 20260228155838.0
008 250603d18301848gw dr 000 b0ger
015 |a SNBHFB 
040 |a SNKHF  |b slo  |c SNKHF  |e rda 
041 0 |a ger 
044 |a gw  |c DE 
072 7 |a 070  |x Noviny. Tlač. Žurnalistika  |2 konspekt 
080 |a (051)-048.55  |2 2011 
080 |a 070.431  |2 2011 
245 0 0 |a Allgemeiner Anzeiger und Nationalzeitung der Deutschen 
264 1 |a Gotha  |b Beckersche Buchhandlung  |c 1830-[1848] 
300 |c 23 cm 
310 |a Denne 
336 |a text  |b txt  |2 rdacontent 
337 |a bez média  |b n  |2 rdamedia 
338 |a zväzok  |b nc  |2 rdacarrierr 
362 0 |a Rok 1830-rok [1848]  |z ZDB/2025 
508 |a Predslov 
546 |a Nemčina  |b Fraktúra 
561 |a Proveniencia: pečiatka Dr. E. Kadarász - ver. not. poz. Margity Zayovej Čís. 11799-11810.  |5 SNK ČC 4457/1830 
561 |a Proveniencia: pečiatka Dr. E. Kadarász - ver. not. poz. Margity Zayovej Čís. 11811-11822.  |5 SNK ČC 4457/1831 
650 0 7 |a spravodajstvo  |2 SNKPH  |9 15209 
655 7 |a špecializované časopisy  |2 SNKPH  |9 70509 
700 1 |a Becker, Rudolf Zacharias  |4 pbl  |9 265042 
752 |a Nemecko  |d Gotha 
780 0 0 |t National-Zeitung der Deutschen 
780 0 0 |t Allgemeiner Anzeiger der Deutschen 
785 0 0 |t Reichsanzeiger der Deutschen 
852 |a snk  |b Zaiova knižnica: Zay 11306-11317  |p ČC 4457/1830 
852 |a snk  |b Zaiova knižnica: Zay 11318-11329  |p ČC 4457/1831 
958 |a DF 
999 |c 730  |d 730 
952 |0 0  |1 0  |4 0  |7 0  |8 5  |a SNK  |b SNK  |c SNK_HF  |d 2025-06-03  |i snk2025/8832  |l 0  |o snkČC 4457/1831  |p 17A1489807  |r 2026-02-21 22:34:07  |t Zay 11318-11329  |w 2026-02-21  |y PREZ 
952 |0 0  |1 0  |4 0  |7 0  |8 5  |a SNK  |b SNK  |c SNK_HF  |d 2025-06-03  |i snk2025/8834  |l 0  |o snkČC 4457/1830  |p 17A1489806  |r 2026-02-21 22:34:07  |t Zay 11306-11317  |w 2026-02-21  |y PREZ